| 000 | 00531cam a22001337a 4500 | ||
|---|---|---|---|
| 008 | 180718b1994 xxu||||| |||| 00| 0 eng d | ||
| 082 | _aN1037x54 In2 | ||
| 245 |
_aManual of the Audit Department Defence Services _cby Director General of Audit, Defence Services |
||
| 260 |
_aNew Delhi _bThe Director General of Audit, Defence Services _c1994 |
||
| 300 | _a1 v. in 3 Parts | ||
| 500 | _aContents: Pt. A. 241p.;Pt. B and C. 376p. | ||
| 650 | _aArmed forces audit - India | ||
| 700 | _aIndia. Director General of Audit, Defence Services | ||
| 999 |
_c482824 _d482824 |
||